000
00315nam a2200133Ia 4500
003
OSt
005
20231207102849.0
008
170524s9999 xx 000 0 und d
020
_a
9788190982856
040
_c
IIMT UNIVERSITTY
100
_a
Singh Saraj
245
0
_a
Fundamentals of Programming in C
942
_2
ddc
_c
02
999
_c
8752
_d
8752